000
00245nam a2200097Ia 4500
001
1163601
005
20250827011706.0
008
250824s9999 xx 000 0 und d
245
0
_a
MASKE KELEŞ
_c
ÖZGÜR KÖRPE
260
_b
YEDİTEPE YAYINLARI
999
_c
1163601
_d
1163601